• 首页
  • 本馆介绍
  • 公告通知
  • 最新文献
  • 馆藏检索
  • 电子资源
  • 读者导购
  • 参考咨询
  • 我的图书馆
  • 登录
  • 详细信息显示
  • 放入我的书架
  • 预约/预借图书
  • 作者相关作品
  • 分类相关作品
  • 丛书相关作品
  • 出版社相关作品

书目信息

  • 表格格式
  • 工作单格式
  • 卡片格式
题名:
阅读纸草,书写历史
    
 
作者: 巴格诺尔 著 ;宋立宏 , 郑阳 译
分册:  
出版信息: 上海   上海三联书店  2007
页数: 166页
开本: 23cm
丛书名: 上海三联人文经典书库
单 册:
中图分类: K86
科图分类:
主题词: 纸草学--研究 , 纸草学
电子资源:
ISBN: 978-7-5426-2494-9
000 01120oam2 2200289 450
001 1261907983
005 20121012171212.20
010    @a978-7-5426-2494-9@dCNY22.00
100    @a20070318d2007 em y0chiy50 ea
101 1  @achi@ceng
102    @aCN@b310000
105    @aa z 001yy
200 1  @a阅读纸草,书写历史@Ayue du zhi cao , shu xie li shi@dReading papyri, writing ancient history@f(美)罗杰·巴格诺尔(Roger S.Bagnall)著@g宋立宏,郑阳译@zeng
210    @a上海@c上海三联书店@d2007
215    @a166页@c图@d23cm
225 2  @a上海三联人文经典书库@v16
330    @a本书讨论以纸草文本作为历史证据的方法,以及研究古代史的学者怎样把人类学、统计学、比较史学和传统语文学的方法运用于纸草文本,借此形成问题,以探询古代寻常百姓的日常生活。
461  0 @12001 @a上海三联人文经典书库
510 1  @aReading papyri, writing ancient history@zeng
606 0  @a纸草学@x研究
606 0  @a纸草学
690    @aK86@v4
701  0 @c(美)@a巴格诺尔@Aba ge nuo er@c(Bagnall, Roger S.)@4著
702  0 @a宋立宏@Asong li hong@4译
702  0 @a郑阳@Azheng yang@4译
801  0 @aCN@bNLC@c20101222
905    @a10447@dK86@eJY14
    
    阅读纸草,书写历史=Reading papyri, writing ancient history/(美)罗杰·巴格诺尔(Roger S.Bagnall)著/宋立宏,郑阳译.-上海:上海三联书店,2007
    166页:图;23cm.-(上海三联人文经典书库;16)
    
    
    ISBN 978-7-5426-2494-9:CNY22.00
    本书讨论以纸草文本作为历史证据的方法,以及研究古代史的学者怎样把人类学、统计学、比较史学和传统语文学的方法运用于纸草文本,借此形成问题,以探询古代寻常百姓的日常生活。
●
相关链接 在E读中查询图书 在五车中查询图书 在当当中查询图书 在豆瓣中查询图书


正题名:阅读纸草,书写历史     索取号:K86/JY14         预约/预借

序号 登录号 条形码 馆藏地/架位号 状态 备注
1 7826718   278267180   学院路分馆/ [索取号:K86/JY14] 在馆    
2 7826719   278267199   学院路分馆/ [索取号:K86/JY14] 在馆    
唐山师范学院图书馆 欢迎您!
大连网信软件有限公司© 版权所有